| 000 | 00421nam a2200169Ia 4500 | ||
|---|---|---|---|
| 005 | 20250423100722.0 | ||
| 008 | 250422s9999 xx 000 0 und d | ||
| 020 | _a9789789042166 | ||
| 050 | _aHJ 9940 .A33/ | ||
| 100 | _aAdams, R. A. | ||
| 245 | 0 | _aPublic sector accounting and finance made simple | |
| 260 | _aLagos | ||
| 260 | _bCorporate Publishers Ventures | ||
| 260 | _c2013 | ||
| 300 | _a630 p | ||
| 942 | _cBK | ||
| 999 |
_c34150 _d34150 |
||